Konštrukčný návrh zadnej nápravy terénneho motocykla pomocou topologickej optimalizácie

Salvato in:
Dettagli Bibliografici
Autore principale: Hanák, Dušan (Autore)
Altri autori: Milesich, Tomáš (Relatore della tesi)
Natura: Manoscritto Libro
Lingua:slovacco
Pubblicazione: 2024
Soggetti:
Accesso online:http://is.stuba.sk/zp/portal_zp.pl?podrobnosti=178178
Tags: Aggiungi Tag
Nessun Tag, puoi essere il primo ad aggiungerne!!

MARC

LEADER 00000ntm a22000003a 4500
001 stuzp100629
003 SK-STU
005 20250303122521.8
007 ta
008 150427s2015----xo-----f-mn---000-0-slo-d
040 |a STU  |b slo 
041 0 |a slo 
100 1 |a Hanák, Dušan  |u 020030  |4 aut  |U SjF Strojnícka fakulta  |T SjF Ústav automobilového inžinierstva a konštruovania  |X 103963  |U J0030  |Y 806  |7 103963 
242 0 1 |a Design of the rear axle of an off-road motorcycle using topological optimization  |y eng 
245 1 0 |a Konštrukčný návrh zadnej nápravy terénneho motocykla pomocou topologickej optimalizácie 
260 |c 2024 
650 4 |a odpruženie  |2 slo 
650 4 |a kyvné rameno  |2 slo 
650 4 |a náprava  |2 slo 
650 4 |a suspension mechanism  |2 eng 
650 4 |a rear axle  |2 eng 
650 4 |a swingarm  |2 eng 
700 1 |a Milesich, Tomáš  |u 020030  |k Z1  |4 ths  |U SjF Strojnícka fakulta  |T SjF Ústav automobilového inžinierstva a konštruovania  |X 49630  |U J0030  |Y 806  |7 A000049630 
856 4 |u http://is.stuba.sk/zp/portal_zp.pl?podrobnosti=178178 
996 |b 284J047717  |c J* 3813/DDP  |l JJSK  |s A  |a 24  |w stuzp100629_0001